000 00415nam a22001457u 4500
008 130405s1907 xxu||||| |||| 00| 0 fre d
041 _afre
100 1 _aChabot. Monseigneur
_920028
245 0 0 _aLa nuit de Noël dans tous les pays
_cCHABOT. Monseigneur
260 _aPithiviers:
_bImpr.Moderne,
_c1907
300 _a136 p.
_c;17 cm.
650 0 4 _aLiturgia
_xNavidad y adviento
_918909
942 _cBK
001 4312
999 _c239800
_d239800